[Event "Titled Tuesday intern op 28th Jun Early"]
[Site "Chess.com INT"]
[Date "2022.06.28"]
[Round "6"]
[White "Oliveira, Jonathan De"]
[Black "Simonovic, Miroslav"]
[Result "0-1"]
[WhiteElo "2208"]
[BlackElo "2115"]
[PlyCount "116"]
[EventDate "2022.06.28"]
[EventType "swiss (blitz)"]
[EventRounds "11"]
[EventCountry "USA"]
[SourceTitle "CBM 209 Extra"]
[Source "ChessBase"]
[SourceDate "2022.09.30"]
[SourceVersion "1"]
[SourceVersionDate "2022.09.30"]
[SourceQuality "1"]

1. e4 c5 2. Nf3 Nc6 3. Bb5 g6 4. Bxc6 dxc6 5. d3 Bg7 6. Nc3 e5 7. Be3 b6 8. h3 Ne7 9. Qd2 h6 10. 0-0 Be6 11. Nh2 Qd7 12. b3 f5 13. f4 exf4 14. Bxf4 Qd4+ 15. Kh1 Qxc3 16. Qe2 g5 17. exf5 gxf4 18. Qxe6 Qe5 19. Qxe5 Bxe5 20. Rae1 Bf6 21. Ng4 Kf7 22. Re6 Ng8 23. Rfe1 Rf8 24. Rxc6 h5 25. Rc7+ Be7 26. Ne5+ Kf6 27. Ng6 Rh6 28. Nxf8 Bxf8 29. Rxa7 Kxf5 30. Rf7+ Rf6 31. Rh7 Nh6 32. a4 Bd6 33. Rb7 Be5 34. a5 bxa5 35. Rb5 Rc6 36. Rxa5 Bc3 37. Rea1 Bxa1 38. Rxa1 Kg6 39. Ra4 Nf5 40. Rxf4 Nd4 41. b4 Nxc2 42. b5 Rb6 43. Rc4 Na3 44. Rxc5 Rxb5 45. Rc6+ Kg5 46. Kh2 Nb1 47. Kg3 Rd5 48. h4+ Kf5 49. Rh6 Rxd3+ 50. Kh2 Kg4 51. Rb6 Nd2 52. Rb4+ Kf5 53. Rb5+ Kf4 54. Rxh5 Nf1+ 55. Kg1 Ng3 56. Rd5 Rxd5 57. h5 Rd1+ 58. Kf2 Rf1# 0-1

[Event "Titled Tuesday intern op 14th Jun Early"]
[Site "Chess.com INT"]
[Date "2022.06.14"]
[Round "2"]
[White "Avila Pavas, Santiago"]
[Black "Oliveira, Jonathan De"]
[Result "1-0"]
[WhiteElo "2453"]
[BlackElo "2208"]
[PlyCount "59"]
[EventDate "2022.06.14"]
[EventType "swiss (blitz)"]
[EventRounds "11"]
[EventCountry "USA"]
[SourceTitle "EXT 2023"]
[Source "ChessBase"]
[SourceDate "2022.10.05"]
[SourceVersion "1"]
[SourceVersionDate "2022.10.05"]
[SourceQuality "1"]

1. b3 e6 2. Bb2 d5 3. Nf3 Nf6 4. e3 Be7 5. Be2 0-0 6. 0-0 b6 7. d4 Bb7 8. c4 Ne4 9. Nbd2 f5 10. Rc1 c6 11. cxd5 cxd5 12. Ne5 a5 13. Bb5 Bd6 14. Nxe4 fxe4 15. Qg4 Rf6 16. Rc2 Bxe5 17. dxe5 Rg6 18. Qh5 Nd7 19. Bd4 Nc5 20. Bxc5 bxc5 21. Rxc5 Rc8 22. Rxc8 Qxc8 23. Qh4 h6 24. Qe7 Ba6 25. Bd7 Qc2 26. Bxe6+ Kh8 27. Qe8+ Kh7 28. Bf5 Qxf2+ 29. Rxf2 h5 30. Qxg6+ 1-0

[Event "Titled Tuesday intern op 31st May Early"]
[Site "Chess.com INT"]
[Date "2022.05.31"]
[Round "2"]
[White "Oliveira, Jonathan De"]
[Black "Petre, Nad Titus"]
[Result "1-0"]
[WhiteElo "2208"]
[BlackElo "2297"]
[PlyCount "75"]
[EventDate "2022.05.31"]
[EventType "swiss (blitz)"]
[EventRounds "11"]
[EventCountry "USA"]
[SourceTitle "CBM 208 Extra"]
[Source "ChessBase"]
[SourceDate "2022.07.31"]
[SourceVersion "1"]
[SourceVersionDate "2022.07.31"]
[SourceQuality "1"]

1. e4 c6 2. d4 d5 3. exd5 cxd5 4. c4 Nf6 5. Nc3 g6 6. Nf3 Bg7 7. cxd5 Nxd5 8. Bc4 Nb6 9. Bb3 0-0 10. h3 Nc6 11. d5 Na5 12. 0-0 Nxb3 13. axb3 h6 14. Be3 Bd7 15. Bd4 Nc8 16. Bxg7 Kxg7 17. Ne5 Bf5 18. Qd4 Kg8 19. Rfd1 a6 20. Na4 b5 21. Nc5 a5 22. Rac1 Nd6 23. Nc6 Qc7 24. Re1 Rfe8 25. g4 Bc8 26. Ne5 Bb7 27. Nxg6 e5 28. Nxe5 Qe7 29. Nxb7 Nxb7 30. Qf4 f6 31. Nc6 Qxe1+ 32. Rxe1 Rxe1+ 33. Kg2 Rf8 34. Qxh6 Re2 35. Qg6+ Kh8 36. Nd4 Nd6 37. Nxe2 Rf7 38. Nf4 1-0

[Event "Blumenau STD op"]
[Site "Blumenau"]
[Date "2018.09.29"]
[Round "4"]
[White "Oliveira, Jonathan De"]
[Black "De Borba, Guilherme"]
[Result "1/2-1/2"]
[WhiteElo "2172"]
[BlackElo "2290"]
[PlyCount "84"]
[EventDate "2018.09.28"]
[EventType "swiss"]
[EventRounds "6"]
[EventCountry "BRA"]
[SourceTitle "EXT 2020"]
[Source "ChessBase"]
[SourceDate "2019.10.17"]
[SourceVersion "1"]
[SourceVersionDate "2019.10.17"]
[SourceQuality "1"]

1. Nf3 Nf6 2. g3 e6 3. Bg2 d5 4. 0-0 Be7 5. c4 0-0 6. d4 c6 7. b3 Nbd7 8. Bb2 b6 9. Ne5 Nxe5 10. dxe5 Nd7 11. cxd5 cxd5 12. e4 Ba6 13. exd5 Bxf1 14. Kxf1 exd5 15. Nc3 Nxe5 16. Nxd5 Bd6 17. Qd4 Qd7 18. Rd1 Rad8 19. Kg1 Qg4 20. Qxg4 Nxg4 21. h3 Ne5 22. Bxe5 Bxe5 23. f4 Bd6 24. Kf2 Rfe8 25. Kf3 Kf8 26. Bf1 Bc5 27. Bc4 Rd6 28. Rd3 Red8 29. a4 a5 30. f5 Re8 31. Rd1 Bb4 32. Rd3 Ba3 33. Rd1 Bb4 34. Rd3 Ba3 35. Rd1 Bb2 36. Rd2 Be5 37. Rd3 g6 38. g4 Kg7 39. Re3 f6 40. Re2 Rc8 41. h4 Rc5 42. Ke4 Rc8 1/2-1/2

[Event "Caioba Telecom op"]
[Site "Caioba"]
[Date "2018.08.04"]
[Round "8"]
[White "Brito, Luismar Jorge"]
[Black "Oliveira, Jonathan De"]
[Result "1-0"]
[WhiteElo "2356"]
[BlackElo "2188"]
[PlyCount "127"]
[EventDate "2018.08.01"]
[EventType "swiss"]
[EventRounds "9"]
[EventCountry "BRA"]
[SourceTitle "CBM 186 Extra"]
[Source "ChessBase"]
[SourceDate "2018.08.24"]
[SourceVersion "1"]
[SourceVersionDate "2018.08.24"]
[SourceQuality "1"]

1. Nc3 d5 2. e4 e6 3. Nf3 Nf6 4. e5 Nfd7 5. d4 c5 6. dxc5 Bxc5 7. Bd3 h6 8. 0-0 a6 9. Qe2 Nc6 10. Bf4 Nb4 11. a3 Nxd3 12. cxd3 b5 13. b4 Be7 14. Be3 Bb7 15. Bd4 Nb8 16. Qe3 Nc6 17. Ne2 0-0 18. Rfc1 Qd7 19. Bb6 f6 20. d4 Rac8 21. Bc5 fxe5 22. Nxe5 Nxe5 23. Qxe5 Rf5 24. Qe3 Bf6 25. f4 Bd8 26. Rf1 Bc7 27. Ng3 Rf7 28. Rae1 Re8 29. Nh5 Qd8 30. Qd3 Qh4 31. Qg6 Bc6 32. g3 Qh3 33. g4 Bd7 34. Re2 e5 35. dxe5 Qxg4+ 36. Rg2 Qxg6 37. Rxg6 Kh7 38. Rxa6 Bh3 39. Rf2 d4 40. Ra7 d3 41. Rd2 Rxe5 42. Rxc7 Re1+ 43. Kf2 Rf1+ 44. Kg3 Rxc7 45. Kxh3 Rd7 46. Kg4 Rd5 47. Ng3 Ra1 48. Ne4 Rxa3 49. Kf3 Rh5 50. Nd6 Rxh2 51. Rxh2 d2+ 52. Ke2 d1Q+ 53. Kxd1 Ra1+ 54. Ke2 Ra2+ 55. Kf3 Rxh2 56. Nxb5 Kg6 57. Nd6 Kf6 58. b5 Ke6 59. b6 Rb2 60. Ke4 Kd7 61. b7 Kc6 62. Ba7 Rb4+ 63. Ke5 g5 64. f5 1-0

[Event "Caioba Telecom op"]
[Site "Caioba"]
[Date "2018.08.03"]
[Round "5"]
[White "Oliveira, Jonathan De"]
[Black "Umetsubo, Cesar Hidemitsu"]
[Result "0-1"]
[WhiteElo "2188"]
[BlackElo "2404"]
[PlyCount "70"]
[EventDate "2018.08.01"]
[EventType "swiss"]
[EventRounds "9"]
[EventCountry "BRA"]
[SourceTitle "CBM 186 Extra"]
[Source "ChessBase"]
[SourceDate "2018.08.24"]
[SourceVersion "1"]
[SourceVersionDate "2018.08.24"]
[SourceQuality "1"]

1. c4 c5 2. Nf3 Nf6 3. Nc3 e6 4. g3 b6 5. Bg2 Bb7 6. 0-0 d6 7. d4 cxd4 8. Qxd4 a6 9. Bg5 Nbd7 10. Rfd1 Rc8 11. Rac1 Qc7 12. b3 Be7 13. Qf4 h6 14. Bxf6 Nxf6 15. Nd2 Bxg2 16. Kxg2 Qc6+ 17. Qf3 0-0 18. Qxc6 Rxc6 19. e4 Rfc8 20. a4 d5 21. e5 Ng4 22. Re1 f6 23. exf6 Bxf6 24. Na2 a5 25. cxd5 exd5 26. Nf3 Bb2 27. Rxc6 Rxc6 28. Re2 Ba1 29. Ne1 Bf6 30. Nd3 Ba1 31. Re1 Bd4 32. Rc1 Rf6 33. Rc2 Bxf2 34. Rxf2 Nxf2 35. Nxf2 Rc6 0-1

[Event "Caioba Telecom op"]
[Site "Caioba"]
[Date "2018.08.02"]
[Round "4"]
[White "Silva, Janderson Rossi Da"]
[Black "Oliveira, Jonathan De"]
[Result "0-1"]
[WhiteElo "1879"]
[BlackElo "2188"]
[PlyCount "84"]
[EventDate "2018.08.01"]
[EventType "swiss"]
[EventRounds "9"]
[EventCountry "BRA"]
[SourceTitle "CBM 186 Extra"]
[Source "ChessBase"]
[SourceDate "2018.08.24"]
[SourceVersion "1"]
[SourceVersionDate "2018.08.24"]
[SourceQuality "1"]

1. e4 e6 2. d4 d5 3. Nc3 Nf6 4. e5 Nfd7 5. f4 c5 6. Nf3 Nc6 7. Be3 Be7 8. Bb5 a6 9. Bxc6 bxc6 10. dxc5 Nxc5 11. 0-0 0-0 12. Nd4 Qc7 13. Qf3 Nd7 14. Bf2 c5 15. Nb3 Bb7 16. Rfe1 f6 17. Qg4 f5 18. Qh5 d4 19. Ne2 Rad8 20. Rad1 Nb6 21. Nd2 Qc6 22. Qf3 Qc7 23. Qh3 Rd7 24. Nf3 Rfd8 25. Nc1 Nd5 26. Qg3 Nb4 27. Re2 Be4 28. Ne1 Qc6 29. Red2 Qb5 30. c3 dxc3 31. Qxc3 Nd5 32. Qg3 c4 33. a3 Rb7 34. Ne2 Rdb8 35. Nc3 Qc6 36. Nxe4 fxe4 37. Bd4 Rf8 38. Rf2 e3 39. Rf3 Bc5 40. Nc2 e2 41. Rd2 Rxb2 42. Qf2 Bxd4 0-1

[Event "Caioba Telecom op"]
[Site "Caioba"]
[Date "2018.08.01"]
[Round "2"]
[White "Cordioli, Jairo Ribeiro"]
[Black "Oliveira, Jonathan De"]
[Result "0-1"]
[WhiteElo "1858"]
[BlackElo "2188"]
[PlyCount "120"]
[EventDate "2018.08.01"]
[EventType "swiss"]
[EventRounds "9"]
[EventCountry "BRA"]
[SourceTitle "CBM 186 Extra"]
[Source "ChessBase"]
[SourceDate "2018.08.24"]
[SourceVersion "1"]
[SourceVersionDate "2018.08.24"]
[SourceQuality "1"]

1. d4 Nf6 2. Nf3 g6 3. c4 Bg7 4. Nc3 d5 5. g3 0-0 6. Bg2 Nc6 7. 0-0 dxc4 8. Qa4 Nxd4 9. Nxd4 Qxd4 10. Be3 Qg4 11. Rad1 Qe6 12. Nd5 Nxd5 13. Bxd5 Qf5 14. Qxc4 c6 15. Be4 Qe6 16. b3 Qxc4 17. bxc4 Be6 18. Bd3 Rfd8 19. Rb1 b6 20. a4 Bd4 21. Rfc1 Bxe3 22. fxe3 c5 23. a5 Rab8 24. axb6 Rxb6 25. Rxb6 axb6 26. Rb1 Rd6 27. e4 f6 28. Kf2 Kf7 29. Ke3 Bd7 30. Ra1 Rd4 31. Ra7 Be6 32. Rb7 Bxc4 33. Bxc4+ Rxc4 34. Rxb6 Rc1 35. Kd2 Rh1 36. Rc6 Rxh2 37. Rxc5 h5 38. Ke3 g5 39. Kf3 e5 40. Rc3 Kg6 41. Ke3 g4 42. Kd2 Rh3 43. Ke1 h4 44. Kf2 Rh2+ 45. Kf1 h3 46. Rc8 Rh1+ 47. Kf2 Rb1 48. Rg8+ Kf7 49. Rh8 Rb4 50. Ke3 Rb3+ 51. Kf2 f5 52. exf5 e4 53. Rh4 e3+ 54. Kg1 Rb4 55. Rh6 Rb1+ 56. Kh2 Re1 57. Rh4 Rxe2+ 58. Kh1 Rf2 59. Rxg4 Rf1+ 60. Kh2 e2 0-1

[Event "Brazil Foz do Iguacu op"]
[Site "Foz do Iguacu"]
[Date "2018.05.20"]
[Round "9"]
[White "Cruz, William Ferreira Da"]
[Black "Oliveira, Jonathan De"]
[Result "0-1"]
[WhiteElo "2274"]
[BlackElo "2177"]
[PlyCount "49"]
[EventDate "2018.05.16"]
[EventType "swiss"]
[EventRounds "9"]
[EventCountry "BRA"]
[SourceTitle "EXT 2019"]
[Source "ChessBase"]
[SourceDate "2018.10.10"]
[SourceVersion "1"]
[SourceVersionDate "2018.10.10"]
[SourceQuality "1"]

1. d4 Nf6 2. c4 g6 3. Nc3 d5 4. Bf4 Bg7 5. e3 0-0 6. Rc1 c5 7. dxc5 Qa5 8. cxd5 Ne4 9. Nge2 Nxc5 10. Nd4 e6 11. dxe6 Bxe6 12. Be2 Nc6 13. Nxc6 bxc6 14. 0-0 Rfd8 15. Qc2 Qb4 16. f3 Bf5 17. e4 Ne6 18. Be3 Nd4 19. Qb1 Be6 20. Bd3 Rab8 21. Rf2 c5 22. Bf4 Rb7 23. Nd5 Bxd5 24. exd5 Ne2+ 25. Rxe2 0-1

[Event "Brazil Foz do Iguacu op"]
[Site "Foz do Iguacu"]
[Date "2018.05.19"]
[Round "8"]
[White "Oliveira, Jonathan De"]
[Black "Ferrero, Carlos E"]
[Result "1-0"]
[WhiteElo "2177"]
[BlackElo "1901"]
[PlyCount "117"]
[EventDate "2018.05.16"]
[EventType "swiss"]
[EventRounds "9"]
[EventCountry "BRA"]
[SourceTitle "EXT 2019"]
[Source "ChessBase"]
[SourceDate "2018.10.10"]
[SourceVersion "1"]
[SourceVersionDate "2018.10.10"]
[SourceQuality "1"]

1. e4 Nc6 2. Nc3 g6 3. Nf3 Bg7 4. d4 d6 5. h3 e5 6. Bg5 f6 7. Be3 Nge7 8. Bc4 Na5 9. Be2 0-0 10. Qd2 Nac6 11. g4 Kh8 12. 0-0-0 a6 13. Rdg1 b5 14. h4 exd4 15. Nxd4 Nxd4 16. Bxd4 Be6 17. h5 c5 18. h6 cxd4 19. hxg7+ Kxg7 20. Qxd4 Nc6 21. Qe3 Qc7 22. f4 Rh8 23. f5 Bf7 24. Qh6+ Kg8 25. fxg6 Bxg6 26. g5 Qg7 27. gxf6 Qxh6+ 28. Rxh6 Kf7 29. Nd5 Rae8 30. Bh5 Reg8 31. Kd2 Ne5 32. Ne7 Bxh5 33. Rxg8 Rxg8 34. Nxg8 Bg6 35. Ne7 Kxf6 36. Nxg6 hxg6 37. Rh8 Nc4+ 38. Kc3 g5 39. a4 g4 40. Rg8 Ne5 41. axb5 axb5 42. Kb4 Ng6 43. Ra8 Ke5 44. Kxb5 g3 45. Kc6 g2 46. Ra1 Nf4 47. b4 Ne2 48. b5 Nd4+ 49. Kb6 Nxc2 50. Rg1 Ne3 51. Kc6 Kxe4 52. b6 Nc4 53. Rxg2 d5 54. Kc5 Na5 55. Re2+ Kd3 56. Re7 d4 57. Rd7 Kc3 58. Kb5 Nc4 59. Rc7 1-0

[Event "Brazil Foz do Iguacu op"]
[Site "Foz do Iguacu"]
[Date "2018.05.16"]
[Round "2"]
[White "Oliveira, Jonathan De"]
[Black "Martinez, Carlos Alejandro"]
[Result "0-1"]
[WhiteElo "2177"]
[BlackElo "2507"]
[PlyCount "54"]
[EventDate "2018.05.16"]
[EventType "swiss"]
[EventRounds "9"]
[EventCountry "BRA"]
[SourceTitle "CBM 184 Extra"]
[Source "ChessBase"]
[SourceDate "2018.06.28"]
[SourceVersion "1"]
[SourceVersionDate "2018.06.28"]
[SourceQuality "1"]

1. e4 c5 2. Nf3 d6 3. Bb5+ Bd7 4. Bxd7+ Qxd7 5. 0-0 Nc6 6. c3 Nf6 7. Qe2 e6 8. d4 cxd4 9. cxd4 d5 10. e5 Ng8 11. Be3 Nge7 12. Nbd2 Nf5 13. g4 Nxe3 14. Qxe3 h5 15. h3 Be7 16. a3 0-0-0 17. b4 Kb8 18. Nb3 a6 19. Rab1 hxg4 20. hxg4 Rh3 21. Kg2 Rdh8 22. Rb2 f5 23. exf6 gxf6 24. Qf4+ Bd6 25. Qxf6 e5 26. Kg1 e4 27. Ne1 Qxg4+ 0-1

[Event "Brazil AXPG op 1st"]
[Site "Ponta Grossa"]
[Date "2017.10.28"]
[Round "4"]
[White "Oliveira, Jonathan De"]
[Black "Moyses Sobrinho, Elias"]
[Result "1-0"]
[WhiteElo "2165"]
[BlackElo "1868"]
[PlyCount "61"]
[EventDate "2017.10.26"]
[EventType "swiss"]
[EventRounds "7"]
[EventCountry "BRA"]
[SourceTitle "CBM 181 Extra"]
[Source "ChessBase"]
[SourceDate "2017.12.12"]
[SourceVersion "1"]
[SourceVersionDate "2017.12.12"]
[SourceQuality "1"]

1. c4 Nf6 2. g3 d5 3. cxd5 Nxd5 4. Bg2 g6 5. Nc3 c6 6. Nf3 Bg7 7. 0-0 0-0 8. d4 Nxc3 9. bxc3 c5 10. Ba3 Nd7 11. Rb1 Re8 12. Qb3 Qc7 13. Rfd1 c4 14. Qc2 e5 15. d5 e4 16. d6 Qa5 17. Bb4 Qh5 18. Nd2 a5 19. Ba3 Qxe2 20. Re1 Qh5 21. Nxe4 Ne5 22. f4 Nc6 23. Nf6+ Bxf6 24. Rxe8+ Kg7 25. d7 Bd8 26. Bf8+ Kf6 27. Bxc6 bxc6 28. Rxd8 Bxd7 29. Rxa8 Bf5 30. Qf2 Bxb1 31. Qd4+ 1-0

[Event "Caioba Telecom op"]
[Site "Caioba"]
[Date "2017.10.01"]
[Round "8"]
[White "Caetano, Ryan Wesley da Cost"]
[Black "Oliveira, Jonathan De"]
[Result "0-1"]
[WhiteElo "1981"]
[BlackElo "2165"]
[PlyCount "60"]
[EventDate "2017.09.28"]
[EventType "swiss"]
[EventRounds "8"]
[EventCountry "BRA"]
[SourceTitle "EXT 2020"]
[Source "ChessBase"]
[SourceDate "2019.10.17"]
[SourceVersion "1"]
[SourceVersionDate "2019.10.17"]
[SourceQuality "1"]

1. d4 Nf6 2. c4 g6 3. Nc3 d5 4. Nf3 Bg7 5. e3 0-0 6. Bd3 c5 7. 0-0 cxd4 8. exd4 Nc6 9. h3 Nb4 10. cxd5 Nxd3 11. Qxd3 Nxd5 12. Be3 b6 13. Qd2 Re8 14. Ne5 Bb7 15. Rfd1 Rc8 16. Rac1 Nxc3 17. bxc3 Qd5 18. f4 Rc7 19. c4 Qe4 20. d5 Rec8 21. c5 bxc5 22. Rc4 Qf5 23. g4 Qf6 24. Qf2 Qd6 25. Qd2 Rd8 26. Qa5 Bxe5 27. fxe5 Qxe5 28. Bf4 Qe2 29. Qxc7 Qxd1+ 30. Kf2 Qxd5 0-1

[Event "Caioba Telecom op"]
[Site "Caioba"]
[Date "2017.09.30"]
[Round "6"]
[White "Aranha Filho, Alvaro Zimmermann"]
[Black "Oliveira, Jonathan De"]
[Result "1/2-1/2"]
[WhiteElo "2331"]
[BlackElo "2165"]
[PlyCount "28"]
[EventDate "2017.09.28"]
[EventType "swiss"]
[EventRounds "8"]
[EventCountry "BRA"]
[SourceTitle "EXT 2020"]
[Source "ChessBase"]
[SourceDate "2019.10.17"]
[SourceVersion "1"]
[SourceVersionDate "2019.10.17"]
[SourceQuality "1"]

1. d4 Nf6 2. Nf3 g6 3. Bg5 Bg7 4. Nbd2 c5 5. c3 cxd4 6. cxd4 d5 7. e3 0-0 8. Bd3 Nc6 9. a3 Bg4 10. 0-0 Qd7 11. h3 Bf5 12. Bb5 a6 13. Ne5 Qd6 14. Bxf6 Rfc8 1/2-1/2

[Event "Caioba Telecom op"]
[Site "Caioba"]
[Date "2017.09.29"]
[Round "4"]
[White "Ribeiro, Allysson"]
[Black "Oliveira, Jonathan De"]
[Result "0-1"]
[WhiteElo "1858"]
[BlackElo "2165"]
[PlyCount "90"]
[EventDate "2017.09.28"]
[EventType "swiss"]
[EventRounds "8"]
[EventCountry "BRA"]
[SourceTitle "EXT 2018"]
[Source "ChessBase"]
[SourceDate "2017.10.13"]
[SourceVersion "1"]
[SourceVersionDate "2017.10.13"]
[SourceQuality "1"]

1. d4 Nf6 2. c4 g6 3. Nc3 d5 4. cxd5 Nxd5 5. e4 Nxc3 6. bxc3 Bg7 7. Be3 c5 8. Qd2 Nc6 9. Bb5 Qa5 10. Bxc6+ bxc6 11. Ne2 Ba6 12. Rc1 Rd8 13. e5 Bxe5 14. Bh6 cxd4 15. cxd4 Qxd2+ 16. Kxd2 Bxd4 17. Nxd4 Rxd4+ 18. Ke3 Rd3+ 19. Ke4 Kd7 20. Rhd1 Rxd1 21. Rxd1+ Ke6 22. Be3 Bc4 23. Kf4 f6 24. Rc1 Bd5 25. Bxa7 g5+ 26. Kg3 h5 27. h3 Kf5 28. a3 e5 29. Bc5 Rb8 30. Bb4 Ke6 31. f3 f5 32. Re1 f4+ 33. Kf2 Kf5 34. Rc1 g4 35. hxg4+ hxg4 36. Rh1 g3+ 37. Ke2 e4 38. fxe4+ Bxe4 39. Rh4 Rxb4 40. axb4 Bxg2 41. b5 cxb5 42. Rh5+ Kg4 43. Rxb5 f3+ 44. Ke3 f2 45. Rb8 f1Q 0-1

[Event "Curitiba IEP&Copel op"]
[Site "Curitiba"]
[Date "2017.05.13"]
[Round "3"]
[White "Oliveira, Jonathan De"]
[Black "Mileski, Lucas de Souza"]
[Result "1-0"]
[WhiteElo "2166"]
[BlackElo "1820"]
[PlyCount "75"]
[EventDate "2017.05.12"]
[EventType "swiss"]
[EventRounds "6"]
[EventCountry "BRA"]
[SourceTitle "CBM 178 Extra"]
[Source "ChessBase"]
[SourceDate "2017.06.22"]
[SourceVersion "1"]
[SourceVersionDate "2017.06.22"]
[SourceQuality "1"]

1. e4 c5 2. Nc3 d6 3. f4 Nc6 4. Bc4 e6 5. Nf3 Nf6 6. d3 g6 7. 0-0 Bg7 8. Qe1 0-0 9. Qh4 d5 10. Bb3 d4 11. Ne2 Nd7 12. Qh3 Na5 13. f5 exf5 14. exf5 Nf6 15. Ng3 Nxb3 16. axb3 Nd5 17. Ng5 h6 18. N5e4 Ne3 19. Bxe3 dxe3 20. Rae1 Qd4 21. Qh4 e2+ 22. Rf2 gxf5 23. c3 Qd8 24. Qxd8 Rxd8 25. Nxf5 Bxf5 26. Rxf5 Rxd3 27. Rxe2 b6 28. Kf2 Rad8 29. Ng3 Rd2 30. Ne4 R2d3 31. Rf3 R3d5 32. Ng3 Be5 33. Nf5 Rd2 34. Nxh6+ Kg7 35. Nxf7 Rxe2+ 36. Kxe2 Re8 37. Nxe5 Rxe5+ 38. Kd3 1-0

[Event "Curitiba IEP&Copel op"]
[Site "Curitiba"]
[Date "2017.05.13"]
[Round "4"]
[White "Vieira, Jose Renato Braga S"]
[Black "Oliveira, Jonathan De"]
[Result "0-1"]
[WhiteElo "1948"]
[BlackElo "2166"]
[PlyCount "48"]
[EventDate "2017.05.12"]
[EventType "swiss"]
[EventRounds "6"]
[EventCountry "BRA"]
[SourceTitle "CBM 178 Extra"]
[Source "ChessBase"]
[SourceDate "2017.06.22"]
[SourceVersion "1"]
[SourceVersionDate "2017.06.22"]
[SourceQuality "1"]

1. d4 Nf6 2. c4 g6 3. Nc3 Bg7 4. e4 d6 5. Be2 0-0 6. Bg5 Nbd7 7. Qd2 e5 8. d5 Nc5 9. f3 Qe8 10. g4 a6 11. h4 Rb8 12. h5 b5 13. Bh6 bxc4 14. Bxg7 Kxg7 15. hxg6 fxg6 16. Qh6+ Kg8 17. 0-0-0 Na4 18. Bxc4 Nxb2 19. Nge2 Nxc4 20. g5 Nh5 21. Rxh5 gxh5 22. g6 hxg6 23. Rg1 Rf6 24. f4 Bg4 0-1

[Event "Curitiba op"]
[Site "Curitiba"]
[Date "2016.04.21"]
[Round "2"]
[White "Bail, Ellen Larissa"]
[Black "Oliveira, Jonathan De"]
[Result "0-1"]
[WhiteElo "1851"]
[BlackElo "2126"]
[PlyCount "104"]
[EventDate "2016.04.21"]
[EventType "swiss"]
[EventRounds "7"]
[EventCountry "BRA"]
[SourceTitle "CBM 172 Extra"]
[Source "ChessBase"]
[SourceDate "2016.06.21"]
[SourceVersion "1"]
[SourceVersionDate "2016.06.21"]
[SourceQuality "1"]

1. d4 Nf6 2. c4 g6 3. Nc3 Bg7 4. e4 d6 5. Be2 0-0 6. g4 c5 7. d5 e6 8. g5 Ne8 9. h4 Nc7 10. Be3 exd5 11. cxd5 b5 12. Qd2 b4 13. Nd1 Qe7 14. f3 Nd7 15. Nh3 Ne5 16. Nhf2 Ba6 17. Qc2 f5 18. gxf6 Qxf6 19. f4 Bxe2 20. Qxe2 Nd7 21. h5 Rae8 22. Ng4 Qe7 23. Ndf2 Nf6 24. Nxf6+ Qxf6 25. 0-0-0 a5 26. Rdg1 a4 27. hxg6 a3 28. e5 dxe5 29. Ne4 Qf5 30. Nd6 axb2+ 31. Kd2 b1Q 32. Rxb1 Qxg6 33. Nxe8 Rxe8 34. Qf3 exf4 35. Bxf4 Bc3+ 36. Kc1 Nb5 37. Be3 Na3 38. Rg1 Qxg1+ 39. Bxg1 Re1+ 40. Qd1 Rxd1+ 41. Kxd1 Nxb1 42. Bxc5 Kf7 43. Kc2 Na3+ 44. Kb3 h5 45. Bd6 h4 46. Bh2 h3 47. Ka4 Kf6 48. Kb3 Kf5 49. Ka4 Nc2 50. Kb5 Nd4+ 51. Kc5 Nf3 52. Bg3 Be5 0-1

[Event "Sao Paulo Braga Memorial 3rd"]
[Site "Sao Paulo"]
[Date "2014.12.14"]
[Round "6"]
[White "Oliveira, Jonathan De"]
[Black "Pires, Marcos Vinicius Tor"]
[Result "1-0"]
[WhiteElo "2105"]
[BlackElo "2282"]
[PlyCount "71"]
[EventDate "2014.12.12"]
[EventType "swiss"]
[EventRounds "6"]
[EventCountry "BRA"]
[SourceTitle "EXT 2016"]
[Source "ChessBase"]
[SourceDate "2015.10.08"]
[SourceVersion "1"]
[SourceVersionDate "2015.10.08"]
[SourceQuality "1"]

1. c4 e6 2. Nf3 d5 3. e3 Nf6 4. b3 Be7 5. Bb2 0-0 6. Be2 c5 7. 0-0 Nc6 8. cxd5 exd5 9. d4 cxd4 10. Nxd4 a6 11. Nc3 Bd6 12. Bf3 Bc7 13. g3 Bh3 14. Bg2 Bxg2 15. Kxg2 Qe7 16. Qd3 Ne5 17. Qe2 Rfd8 18. Rfd1 Ba5 19. a3 Rac8 20. b4 Bb6 21. Rac1 Ba7 22. Ba1 Qe8 23. Nf5 Qe6 24. Qc2 Nc4 25. Qd3 b5 26. Ne2 Ne5 27. Rxc8 Rxc8 28. Nf4 Qe8 29. Bxe5 Qxe5 30. Nxd5 Rf8 31. Nxf6+ Qxf6 32. Qd7 Qb6 33. Rd6 Qb8 34. Ne7+ Kh8 35. Nc6 Qa8 36. Qxa7 1-0